| 000 | 00707namaa2200169 i 4500 | ||
|---|---|---|---|
| 001 | 173778 | ||
| 003 | ES-MaACL | ||
| 005 | 20230906215337.0 | ||
| 008 | 100118s1849 sp |||| | spa d | ||
| 040 |
_aSpMaBN _bspa _cPAB |
||
| 100 | 1 |
_aAriza, Juan de. _9141983 |
|
| 245 | 1 | 0 |
_aAntonio de Leiva _b: drama en tres actos y un prólogo y en verso / _cpor Juan de Ariza. |
| 260 |
_aMadrid : _b[s.n.], _c1849 ( _fImp. de S. Omaña) |
||
| 300 |
_a84 p. ; _c19 cm. |
||
| 500 | _aEn port.: Estrenado en el Teatro Español. | ||
| 852 |
_aES-MaACL _jB-8603(18) _z.- Enc. pasta española _q.- Falto de la cub. original _z.- Enc. en un vol. facticio formando parte de la col. facticia "Teatro español moderno", vol. 56 |
||
| 999 |
_c173778 _d173778 |
||